00722nam a2200229Ia 4500003000400000005001700004008004100021040000700062041000800069082002200077100003700099245003600136250000600172260004700178300000800225365001300233650002900246906004000275942001200315999001900327952014600346OSt20230323151232.0210423s2005 xx 000 0 und d cAL aeng a547.28 223bALLH aALLCOCK (Harry R);others.952502 aContemporary polymer chemistry. a3 aNew DelhibPearson Education Pvt Ltdc2005 a832 b499cINR aOrganic Chemistry952503 achemistry. ; Contemporary ; polymer 2ddccBK c153896d153896 001040708ACaSACPGbSACPGd2008-06-26eAthulya Booksg499.00l1m1o547.28 ALLHpPG000363r2023-02-09 00:00:00s2023-01-19w2021-04-26yBK